IT SAVVY WHAT TOP EXECUTIVES MUST KNOW T (Record no. 14266)

MARC details
000 -LEADER
fixed length control field 00356nam a2200133Ia 4500
008 - FIXED-LENGTH DATA ELEMENTS--GENERAL INFORMATION
fixed length control field 240624s9999 xx 000 0 und d
041 ## - LANGUAGE CODE
Language code of text/sound track or separate title eng
082 ## - DEWEY DECIMAL CLASSIFICATION NUMBER
Classification number 004 WEI
100 ## - MAIN ENTRY--PERSONAL NAME
Personal name WEILL PETER
245 ## - TITLE STATEMENT
Title IT SAVVY WHAT TOP EXECUTIVES MUST KNOW T
260 ## - PUBLICATION, DISTRIBUTION, ETC.
Date of publication, distribution, etc. 2009
Place of publication, distribution, etc. Boston
Name of publisher, distributor, etc. Harvard Business Press
300 ## - PHYSICAL DESCRIPTION
Extent xxv, : 182 : p. : cm. ; 22
365 ## - TRADE PRICE
Currency code RS
Price amount 30
Holdings
Withdrawn status Lost status Damaged status Not for loan Home library Current library Shelving location Date acquired Source of acquisition Cost, normal purchase price Total Holds Full call number Barcode Date last seen Copy number Price effective from Koha item type
        IMTN IMTN Rack 1-A 01/21/2010 BWE 995.00 7404 004 WEI 14266 06/24/2024 1 06/24/2024 Books
Designed & Maintained by: LRC IMT Nagpur Contact: lrc@imtnag.ac.in© 2024. All Rights Reserved.